Statistics for Handball Multiple Choice

Click here to take the quiz!

General Stats

  • This quiz has been taken 309 times
    (246 since last reset)
  • The average score is 5 of 14

Answer Stats

QuestionAnswer% Correct
How long is a handball court?40m
66%
Which of these trainers won the EHF Championsleague titles as Coach and Player?Talant Dujshebaev
54%
2013 HSV Hamburg won the EHF Champions League title, against whom did they win in the final?Barcelona
45%
A Handball player gets a two minutes suspension before the referee starts the game again, the same player gets another two-minute suspension, how will his team be punished?4 minutes with one player less.
40%
Which player was awarded three Champions League top scorer titles?Uwe Gensheimer
40%
Nikola Karabatic received three Player of the Year awards at three different clubs, at which of the mentioned clubs did he never win one?Montpellier HB
37%
For which club did Ivano Balic never play for?RK Nexe Našice
30%
Since 1994 Sweden qualified for every Euro, except one. For which year did Sweden not qualify?2006
29%
Which of these players never became Bundesliga top scorer?Holger Glandorf
27%
For which international team did Danijel Šarić play the most games?Qatar
24%
For which of the mentioned clubs did Kiril Lazarov play for?Atlético Madrid, KC Veszprém ,RK Zagreb
23%
Which of these clubs never won a Bundesliga title?HSG Wetzlar
23%
Who won the most league titles in the Danish handball league?KIF Kolding
23%
Which of these players won three Olympic gold medals?Andrey Lavrov
16%

Score Distribution

Percentile by Number Answered

Percent of People with Each Score

Your Score History

You have not taken this quiz since the last reset